000 01035nam a2200253 a 4500
001 000034811
005 20200930073922.0
008 111020s1978 ag 000 0 spa d
040 _aDO-SdBNP
_bspa
_cBNPHU
082 _axxxx
_bR724t
100 1 _aRogers, Carl R.
_960327
240 1 0 _aA theory of therapy, personality, and interpersonal relationships, as developed in the client-centered
_lEspañol
245 1 0 _aTerapia, personalidad y relaciones interpersonales /
_cCarl R. Rogers ; traductor Ofelia Castillo, Antonio Carmona.
260 _aBuenos aires :
_bNueva Visión,
_c1978.
_eSanto Domingo
_fArtes Gráfica Santo Domingo
300 _a117 p. ;
_c21 cm.
490 1 _aPsicología comtemporánea
500 _aTraducido del inglés.
504 _aBibliografía : p. 113 - 117
590 _aPerteneció a la biblioteca personal de Juan Isidro Jimenes Grullón.
700 1 2 _aCastillo, Ofelia,
_etrad.
_960328
700 1 2 _aCarmona, Antonio,
_etrad.
_960329
830 0 _aPsicología comtemporánea
_960330
049 _aBNGR
999 _c34302
_d34302